Statistics for U.S. State Capitals Closest to Denver

Click here to take the quiz!

General Stats

  • This quiz has been taken 3,882 times
  • The average score is 7 of 10

Answer Stats

miles capital km % Correct
370Salt Lake City596
90%
98Cheyenne158
80%
587Phoenix944
80%
285Santa Fe459
76%
503Oklahoma City809
68%
444Lincoln714
65%
591Helena952
63%
500Topeka804
63%
399Pierre642
57%
534Bismarck859
53%

Score Distribution

Percentile by Number Answered

Percent of People with Each Score

Your Score History

You have not taken this quiz